000 00814nam a2200265Ia 4500
003 OSt
005 20220918190445.0
006 a|||||r|||| 00| 0
007 ta
008 220917b |||||||| |||| 00| 0 eng d
024 _a56,966
037 _cTextual
040 _aARTS
_cARTS
_beng
041 _2eng
_aeng
082 _aP987p1,N92, N6
100 _aJahr Ernst Hakon ed
_966600
245 0 _aLanguage contact in the Arctic
_b Northern Pidgins and contact languages
260 _aBerlin
_bMouton De Gruyter
_c1996
300 _aviii,349p.
_ccm.
490 _aTrends in lingyuistics studies and monographs; 88
650 _aLINGUISTICS
700 _a Broch Ingvid ed
_972654
942 _hP987p1,N92, N6
_cTEXL
_2CC
999 _c185223
_d185223